International management and economic development: with particular reference to India and other developing countries

Enregistré dans:
Détails bibliographiques
Auteurs principaux: Richman, Barry M (Auteur), Copen, Melvyn (Auteur)
Format: Livre
Langue:anglais
Publié: Huntington Robert E. Krieger Publishing 1972
Sujets:
Tags: Ajouter un tag
Pas de tags, Soyez le premier à ajouter un tag!

MARC

LEADER 00000nam a2200000 a 4500
001 UCW2751
003 CL-VaPUC
008 890831e19720000US |||||||||||||||||eng|d
082 0 4 |a 658.18  |b RIC  |2 21 
100 0 |a Richman, Barry M  |e author  |9 307028 
700 0 |a Copen, Melvyn  |e author  |9 307029 
245 1 0 |a International management and economic development: with particular reference to India and other developing countries 
300 |a 681 p 
942 |c BK 
945 |d 19890831 00:00:00 
260 |a Huntington  |b Robert E. Krieger Publishing  |c 1972 
650 0 |a Asistencia técnica  |9 259669 
650 0 |a Administración internacional  |9 307030 
650 0 |a Desarrollo económico  |9 259599 
650 7 |a EMPRESAS INTERNACIONALES  |2 CL-VaPUC  |9 258376 
651 0 |a India  |9 267804 
583 |a last modification  |c 20120531 12:13:53  |k Rodrigo Vera 
999 |c 217209  |d 217207 
952 |0 0  |1 0  |4 0  |6 658_180000000000000_RIC_1972  |7 0  |8 P  |9 204175  |a BIBGIM  |b BIBGIM  |d 2019-11-15  |i 271390K  |o 658.18 RIC 1972  |p 271390K  |r 2025-01-15  |w 2019-11-15  |y BK  |k COM